LEADER 00720nam0 2200241 450 001 000002027 005 20080718144851.0 010 $a0-471-05071-7 100 $a20001024d1978----km-y0itay50------ba 101 0 $aeng 102 $aUS 200 1 $aModern spectrum analysis$fedited by Donald G. Childers 210 $aNew York$cIEEE press$d1978 215 $aVI, 334 p.$d29 cm 225 2 $aIEEE press selected reprint series 410 0$12001$aIEEE press selected reprint series 676 $a621.361 702 1$aChilders,$bDonald G. 801 0$aIT$bUNIPARTHENOPE$gRICA$2UNIMARC 912 $a000002027 951 $cPIST$aP1 621-M/2$bs.i.$d20001024 996 $aModern spectrum analysis$91223871 997 $aUNIPARTHENOPE